000 03141cam a22004814i 4500
003 PE-LiUPU
005 20250731184556.0
008 150625s r 000 0 d
020 _a1883053730
035 _a(Sirsi) i9781883053734
040 _aPE-LiUPU
_bspa
_cPE-LiUPU
_erda
049 _aPRUA
082 0 4 _a939. 4
_bL63
_221
245 0 0 _aLife and culture in the ancient near east /
_ceditores: Richard E. Averbeck, Mark W. Chavalas y David B. Weisberg.
264 1 _aBethesda, Md :
_bCLD, Press,
_c2003.
300 _a500 páginas :
_bilustraciones, fotos ;
_c25 centímetros
336 _atext
_2rdacontent
337 _aunmediated
_2rdamedia
338 _avolume
_2rdacarrier
504 _aBibliografía al final de cada capítulo.
505 0 _aMesopotamia. -The ordinarity of the peculiar institution. -Daily life and culture in "enki and the world order" and other sumerian literary compositions. -Biblical and Mesopotamian law: An amorite connection?. -Everyday life in the neo-babulonian period: the integration of material and non-material culture. -Anatolia. -Daily life in ancient ugarit (Syria). -Puzurum, a homeowner from khana-period terqa. -An extraordinary everyday for emar?s diviner. -The levant. -Everyday life in biblical Israel: women?s social networks. -Sisterhood? women?s relationships with women in the hebrew bible. -Boy meets girl: stories of eligibility and encounter in ancient Israel. -Aspects of life in ancient Israel. -"Give us our daily bread everyday life for the israelite deportees. -Modeling the farm community in iron I Israel. -Archaeological remains of everyday activities: ground stone tools in bronze and iron age Palestine. -Egypt. -Everyday life in ancient egypt. -The new testament world. -Daily life in the new testament period. -Reciprocity and the poor among the first followers of Jesus in Jerusalem. -Bishops as brokers of heavenly goods. -Special subjects. -Methods and daily life: understanding the use of animals in daily life in a multi-disciplinary framework. -Ancient and mediewal sources and mechanisms of the calendrical practice of yom tov sheni shel gualuyyot. -Games people played: board games in the ancient near east. -Athletics in the ancient near east.
526 _aP136
526 _aP135
526 _aP134
526 _aP133
526 _aP144
526 _aP143
526 _aP87
526 _aP35
526 _aP20
526 _aP14
526 _aP10
526 _aP06
541 _g438621;
650 0 4 _aOriente medio
_xCivilización
_yca. 622.
650 0 4 _aOriente medio
_xVida social y costumbres.
700 1 _aAverbeck, Richard E.,
_eeditor.
942 _2ddc
_cBOOK
949 _a939. 4 L63
_wDEWEY
_c1
_i57566
_lCCODEBUL1
_mBUL
_p55.00
_r0
_sY
_tBOOK
_u2015-6-25
_xEDUCACION
_PP35
_0COMPRA
_o.STAFF. Colección General
994 _aC0
_bPEPRU
596 _a1
999 _a939. 4 L63
_wDEWEY
_c46588
_i57566
_f2021-11-8
_g5
_lCCODEBUL1
_mBUL
_p55.00
_r0
_sY
_tBOOK
_u2015-6-25
_xBIBLIOTECA
_PP35
_0COMPRA
_o.STAFF. Colección General
_d46588
980 _81
_gALBERTO SANCHEZ Responsable de Automatización